00471nas a2200193 4500000000100000008004100001260001300042653001100055653001200066653002800078100001500106700001700121700001500138245005200153856004100205300001000246490000700256022001400263 1982 d c1982 Sep10aHumans10aleprosy10aNervous System Diseases1 aMshana R N1 aCrawford C L1 aHumber D P00aThe immunopathology of nerve damage in leprosy. uhttp://ila.ilsl.br/pdfs/v50n3a19.pdf a367-80 v50 a0148-916X